| 000 -LEADER |
| fixed length control field |
00624cam a2200205 a 4500 |
| 001 - CONTROL NUMBER |
| control field |
16125751 |
| 005 - DATE AND TIME OF LATEST TRANSACTION |
| control field |
20221107120318.0 |
| 008 - FIXED-LENGTH DATA ELEMENTS--GENERAL INFORMATION |
| fixed length control field |
100309s2014 maua b 001 0 eng |
| 020 ## - INTERNATIONAL STANDARD BOOK NUMBER |
| International Standard Book Number |
9780878939787 X |
| 041 ## - LANGUAGE CODE |
| Language code of text/sound track or separate title |
eng |
| 080 ## - UNIVERSAL DECIMAL CLASSIFICATION NUMBER |
| Universal Decimal Classification number |
573.7.017+611.013 G-58 |
| 100 1# - MAIN ENTRY--PERSONAL NAME |
| Personal name |
Gilbert, Scott F., |
| Dates associated with a name |
|
| 9 (RLIN) |
8619 |
| 245 10 - TITLE STATEMENT |
| Title |
Developmental biology / |
| Statement of responsibility, etc. |
Scott F. Gilbert. |
| 250 ## - EDITION STATEMENT |
| Edition statement |
9th ed. |
| 264 ## - PRODUCTION, PUBLICATION, DISTRIBUTION, MANUFACTURE, AND COPYRIGHT NOTICE |
| Place of production, publication, distribution, manufacture |
Sunderland, Mass. : |
| Name of producer, publisher, distributor, manufacturer |
Sinauer Associates, |
| Date of production, publication, distribution, manufacture, or copyright notice |
2010. |
| 300 ## - PHYSICAL DESCRIPTION |
| Extent |
719, [80] p. : |
| Other physical details |
ill. (chiefly col.) ; |
| Dimensions |
29 cm. |
| 653 ## - INDEX TERM--UNCONTROLLED |
| keyword |
ემბრიოლოგია |
| 653 ## - INDEX TERM--UNCONTROLLED |
| keyword |
მედიცინა |
| 942 ## - ADDED ENTRY ELEMENTS (KOHA) |
| Source of classification or shelving scheme |
|
| Koha item type |
წიგნი |